| 000 | 00526nam a2200205Ia 4500 | ||
|---|---|---|---|
| 005 | 20260429112147.0 | ||
| 008 | 260429s9999||||xx |||||||||||||| ||und|| | ||
| 020 | _a9780367655594 | ||
| 041 | _aEnglish | ||
| 082 |
_a781.3 _bKEN |
||
| 100 | _aKennan, Kent | ||
| 245 | 0 |
_aTechnique of orchestration / _cKent Kennan |
|
| 250 | _a7th ed. | ||
| 260 |
_aNew York : _bRoutledge, _c2024. |
||
| 300 | _axiv, 404 p.; pbk | ||
| 650 | _a Orchestration | ||
| 650 | _aInstrumentation | ||
| 700 | _a Grantham, Donald | ||
| 942 | _cTB | ||
| 999 |
_c52661 _d52661 |
||